Sobre desarrollo y agricultura / (Record no. 187213)

MARC details
000 -LEADER
campo de control de longitud fija 01278nam a2200301 i 4500
001 - NÚMERO DE CONTROL
campo de control 187213
003 - IDENTIFICADOR DE NÚMERO DE CONTROL
campo de control ES-MaACL
005 - FECHA Y HORA DE LA ÚLTIMA TRANSACCIÓN
campo de control 20230906222838.0
008 - DATOS DE LONGITUD FIJA--INFORMACIÓN GENERAL
campo de control de longitud fija 170508s1973 sp |||| | spa d
080 ## - NÚMERO DE LA CLASIFICACIÓN DECIMAL UNIVERSAL
Número de la Clasificación Decimal Universal 330.35
080 ## - NÚMERO DE LA CLASIFICACIÓN DECIMAL UNIVERSAL
Número de la Clasificación Decimal Universal 338.43(460)"19"
100 1# - ENTRADA PRINCIPAL--NOMBRE DE PERSONA
Nombre de persona Echevarría, Juan.
9 (RLIN) 162563
245 10 - MENCIÓN DEL TÍTULO
Título Sobre desarrollo y agricultura /
Mención de responsabilidad, etc. Juan Echevarría, Emilio de Figueroa.
246 15 - FORMA VARIANTE DEL TITULO
Título propio/Titulo breve Desarrollo y sus condicionantes
246 15 - FORMA VARIANTE DEL TITULO
Título propio/Titulo breve Derecho y agricultura
260 ## - PUBLICACIÓN, DISTRIBUCIÓN, ETC.
Lugar de publicación, distribución, etc. [Toledo] :
Nombre del editor, distribuidor, etc. Publicaciones del Centro Universitario de Toledo, Universidad Complutense,
Fecha de publicación, distribución, etc. [1973]
300 ## - DESCRIPCIÓN FÍSICA
Extensión 58 p. ;
Dimensiones 21 cm.
490 1# - MENCIÓN DE SERIE
Mención de serie Toledo universitario ;
Designación de volumen o secuencia 9
505 8# - NOTA DE CONTENIDO CON FORMATO
Nota de contenido con formato Contiene: ;
Título El desarrollo y sus condicionantes /
Mención de responsabilidad Juan Echevarría. --
Título Derecho y agricultura /
Mención de responsabilidad Emilio de Figueroa
594 ## - Nota al título y mención de responsabilidad
Nota al título y mención de responsabilidad Dos conferencias del Ciclo de Conferencias de Economía, que tuvo lugar en la primavera de 1972, en el Centro Universitario de Toledo.
650 #4 - PUNTO DE ACCESO ADICIONAL DE MATERIA--TÉRMINO DE MATERIA
Término de materia o nombre geográfico como elemento de entrada Desarrollo económico.
9 (RLIN) 153584
650 #4 - PUNTO DE ACCESO ADICIONAL DE MATERIA--TÉRMINO DE MATERIA
Término de materia o nombre geográfico como elemento de entrada Agricultura-
Subdivisión geográfica España-
Subdivisión cronológica S.XX.
9 (RLIN) 146547
700 1# - ENTRADA AGREGADA--NOMBRE PERSONAL
Nombre de persona Figueroa, Emilio de.
9 (RLIN) 50780
710 2# - ENTRADA AGREGADA--NOMBRE DE ENTIDAD CORPORATIVA
Nombre de entidad corporativa o nombre de jurisdicción como elemento de entrada Universidad Complutense de Madrid.
Unidad subordinada Centro Universitario de Toledo.
9 (RLIN) 162578
830 0# - PUNTO DE ACCESO ADICIONAL DE SERIE-TÍTULO UNIFORME
Título uniforme Toledo universitario ;
Designación de volumen o secuencia 9
9 (RLIN) 185581
852 ## - LOCALIZACIÓN
Ubicación ES-MaACL
Número de control de estantería L-31556
Holdings
Estatus retirado Estado de pérdida Estado de daño No para préstamo Biblioteca de origen Biblioteca actual Ubicación en estantería Fecha de adquisición Fuente de adquisición Total de préstamos Signatura topográfica completa Código de barras Visto por última vez Precio de reemplazo Tipo de ítem Koha
        Biblioteca del Ateneo de Madrid Biblioteca del Ateneo de Madrid Depósito 2 08/05/2017     L-31556 1197542 23/02/2023 23/02/2023 Libro impreso